000
00209 a2200109 4500
020
_a
9786074440911
041
_a
spa
100
_a
Disney
245
_a
Hadas la gema de la amistad
942
_c
BK
952
_7
4
999
_c
21889
_d
21889